[Event "GEO-ch 1st League 81st"]
[Site "Tbilisi"]
[Date "2021.12.16"]
[Round "3"]
[White "Volkov, Nika"]
[Black "Petriashvili, Nikoloz"]
[Result "1/2-1/2"]
[WhiteElo "2105"]
[BlackElo "2428"]
[PlyCount "136"]
[EventDate "2021.12.14"]
[EventType "swiss"]
[EventRounds "9"]
[EventCountry "GEO"]
[SourceTitle "CBM 205 Extra"]
[Source "ChessBase"]
[SourceDate "2022.01.31"]
[SourceVersion "1"]
[SourceVersionDate "2022.01.31"]
[SourceQuality "1"]

1. d4 Nf6 2. c4 e6 3. Nc3 Bb4 4. Qb3 c5 5. a3 Bxc3+ 6. Qxc3 cxd4 7. Qxd4 Nc6 8. Qd1 d5 9. e3 e5 10. cxd5 Nxd5 11. e4 Nf6 12. Qxd8+ Kxd8 13. Bd3 Ke7 14. Be3 Rd8 15. Rd1 Be6 16. f3 b6 17. Ne2 Bb3 18. Rd2 Na5 19. Nc1 Be6 20. Bf2 Rac8 21. Ke2 Bc4 22. Rhd1 Ne8 23. Bh4+ f6 24. Bxc4 Rxd2+ 25. Rxd2 Rxc4 26. Kd1 Nc7 27. Rc2 Ne6 28. Nd3 Rd4 29. Ke2 Rd6 30. Bf2 Nc6 31. Rc3 Kd7 32. Be3 g5 33. Nf2 Ncd4+ 34. Bxd4 exd4 35. Rc1 Nf4+ 36. Kf1 d3 37. Rd1 d2 38. e5 fxe5 39. Ne4 Rg6 40. Rxd2+ Kc6 41. Rd8 g4 42. g3 Nd5 43. Kf2 Rh6 44. fxg4 Rxh2+ 45. Kf3 Ne7 46. Rd6+ Kc7 47. Re6 Nc6 48. Rf6 Nd4+ 49. Ke3 Rxb2 50. Rf7+ Kc6 51. Rxh7 Rb3+ 52. Kf2 Kd5 53. Nf6+ Ke6 54. Ne8 Rxa3 55. Nc7+ Kf6 56. Ne8+ Ke6 57. Nc7+ Kd6 58. Ne8+ Kd5 59. g5 e4 60. Nf6+ Ke5 61. Re7+ Kf5 62. Nxe4 b5 63. g4+ Kxg4 64. g6 Nf5 65. Re5 Ra2+ 66. Kg1 Ra1+ 67. Kf2 Ra6 68. Rxb5 Rxg6 1/2-1/2